MINOR ORAL SURGERY (Record no. 3265)

MARC details
000 -LEADER
fixed length control field 00352nam a2200145Ia 4500
008 - FIXED-LENGTH DATA ELEMENTS--GENERAL INFORMATION
fixed length control field 150201s1985 xx 000 0 und d
082 ## - DEWEY DECIMAL CLASSIFICATION NUMBER
Classification number 617.525
Item number M1985G
100 ## - MAIN ENTRY--PERSONAL NAME
Personal name GEOFFRY L. HOME
245 ## - TITLE STATEMENT
Title MINOR ORAL SURGERY
250 ## - EDITION STATEMENT
Edition statement 3RD
260 ## - PUBLICATION, DISTRIBUTION, ETC. (IMPRINT)
Name of publisher, distributor, etc. VARGHESER COMP
Place of publication, distribution, etc. DADAR(MUMBAI)
Date of publication, distribution, etc. 1985
300 ## - PHYSICAL DESCRIPTION
Extent 1-427
650 ## - SUBJECT ADDED ENTRY--TOPICAL TERM
Topical term or geographic name as entry element ORAL SURGERY
942 ## - ADDED ENTRY ELEMENTS (KOHA)
Source of classification or shelving scheme Dewey Decimal Classification
Koha item type Books
Holdings
Withdrawn status Lost status Source of classification or shelving scheme Damaged status Not for loan Home library Current library Date acquired Source of acquisition Serial Enumeration / chronology SGTU Bill Number Total Checkouts Full call number Barcode Date last seen Bill Date Koha item type
    Dewey Decimal Classification     SGT Dental Library SGT Dental Library 10/03/2005 PRINCIPAL 1 SGTU DONATED   617.525 M1985G FD3420 09/02/2015 09/05/2012 Books